Ice Cream Flavors - Statistics

General Stats
  • This quiz has been taken 1,945 times
  • The average score is 6 of 15
Answer Stats
Hint Answer % Correct
Chocolate
98%
Vanilla
95%
Strawberry
94%
Mint Chocolate Chip
53%
Cookies 'n Cream
49%
Cookie Dough
45%
Rocky Road
39%
Coffee
32%
Banana
25%
Cherry
24%
Butter Pecan
17%
Birthday Cake
13%
Sherbert
11%
Pistacio
5%
S'more
2%
No matching quizzes found
Score Distribution
Percent of People with Each Score
Percentile by Number Answered
Your Score History
You have not taken this quiz